Conversion of properties from leasehold to freehold in Delhi / (Record no. 67519)

MARC details
000 -LEADER
fixed length control field 00464nam a22001457a 4500
005 - DATE AND TIME OF LATEST TRANSACTION
control field 20180724124554.0
020 ## - INTERNATIONAL STANDARD BOOK NUMBER
International Standard Book Number 8175345276
Terms of availability 295.00
035 ## - SYSTEM CONTROL NUMBER
System control number B-220636, B-220635
037 ## - SOURCE OF ACQUISITION
Stock number DPL
Source of stock number/acquisition ENG
100 ## - MAIN ENTRY--PERSONAL NAME
Personal name Verma, G.L.
245 ## - TITLE STATEMENT
Title Conversion of properties from leasehold to freehold in Delhi /
Statement of responsibility, etc by G.L. Verma
260 ## - PUBLICATION, DISTRIBUTION, ETC. (IMPRINT)
Place of publication, distribution, etc New Delhi
Name of publisher, distributor, etc Universal Law Publishing Co.
Date of publication, distribution, etc 2006
300 ## - PHYSICAL DESCRIPTION
Extent xvii, 338p.
Dimensions 20 cms.
942 ## - ADDED ENTRY ELEMENTS (KOHA)
Source of classification or shelving scheme Dewey Decimal Classification
Item type English Books
Classification part 346.04095416
Call number suffix VER
Holdings
Withdrawn status Lost status Not for loan Collection code Home library Current library Date acquired Cost, normal purchase price Full call number Barcode Cost, replacement price Koha item type Source of acquisition
      Non-fiction Patel Nagar Patel Nagar 24/07/2018 295.00 346.04095416 VER B-220635 295.00 English Books BPPD/PUB
      Non-fiction Sarojini Nagar Sarojini Nagar 05/06/2012 295.00 346.04095416 VER B-220636 295.00 English Books  

© Delhi Public Library
Hit Counter
free hit counter